Movies Quiz

Random Movies or Actress Quiz

Movie Road Trips Quiz Stats

 Plays Quiz Updated Nov 8, 2016

Challenge
Share
Tweet
Embed
Score 0/20 Timer 07:00
5 Plays Today
Actor/actress Movie % Correct
Matt DamonJason Bourne - The Bourne Identity
76.9%
Nicolas CageBenjamin Gates - National Treasure
74.2%
Russell CroweMaximus Decimus Meridius - Gladiator
65.1%
Daniel CraigJames Bond - Casino Royale
60%
Chevy ChaseClark Griswold - National Lampoon's European Vacation
59.8%
Jeff GoldblumDavid Levinson - Independence Day
58.8%
Julia RobertsLiz Gilbert - Eat Pray Love
54.8%
Frances McDormandMarge Gunderson - Fargo
51.5%
Harrison FordIndiana Jones - Indiana Jones and the Last Crusade
47.8%
Tom HanksRobert Langdon - The DaVinci Code
46.8%
Actor/actress Movie % Correct
Steve MartinNeal Page - Planes, Trains, and Automobiles
40.8%
Breckin MeyerJosh Parker - Road Trip
37.3%
Catherine O'HaraKate McCallister - Home Alone
35.8%
Robert Downey, Jr.Peter Highman - Due Date
34.1%
Nicole KidmanShannon Christie - Far and Away
29.9%
Emile HirschChris McCandless - Into the Wild
28.4%
David NivenPhileas Fogg - Around the World in 80 Days
17.3%
Angela LansburyEglantine Price - Bedknobs and Broomsticks
16.5%
Scott MechlowiczScotty Thomas - Eurotrip
15.1%
Maya RudolphVerona De Tessant - Away We Go
14.1%

You're not logged in!

Compare scores with friends on all Sporcle quizzes.
Join for Free
OR
Log In

You Might Also Like...

Show Comments

Extras

Top Quizzes Today


Score Distribution

Your Account Isn't Verified!

In order to create a playlist on Sporcle, you need to verify the email address you used during registration. Go to your Sporcle Settings to finish the process.

Report this User

Report this user for behavior that violates our Community Guidelines.

Details: